18th Politburo of the Chinese Communist Party (2012-2017) - Statistics

General Stats
  • This quiz has been taken 4 times
  • The average score is 11 of 25
Answer Stats
Picture Hint Answer % Correct
2012-2017 Xi Jinping
100%
2012-2017 Han Zheng
67%
2012-2017 Hu Chunhua
67%
2012-2017 Li Keqiang
67%
2012-2017 Li Zhanshu
67%
2012-2017 Wang Huning
67%
2012-2017 Wang Qishan
67%
2012-2017 Zhao Leji
67%
2012-2017 Fan Changlong
33%
2012-2017 Guo Jinlong
33%
2012-2017 Li Jianguo
33%
2012-2017 Liu Qibao
33%
2012-2017 Liu Yandong
33%
2012-2017 Liu Yunshan
33%
2012-2017 Li Yuanchao
33%
2012-2017 Ma Kai
33%
2012-2017 Meng Jianzhu
33%
2012-2017 Sun Chunlan
33%
2012-2017 (Purged) Sun Zhengcai
33%
2012-2017 Wang Yang
33%
2012-2017 Xu Qiliang
33%
2012-2017 Yu Zhengsheng
33%
2012-2017 Zhang Chunxian
33%
2012-2017 Zhang Dejiang
33%
2012-2017 Zhang Gaoli
33%
No matching quizzes found
Score Distribution
Percent of People with Each Score
Percentile by Number Answered
Your Score History
You have not taken this quiz